| 000 | 00836nam0a22002891 4500 | ||
|---|---|---|---|
| 001 | v19\rc\1978929 | ||
| 005 | 20251118181151.9 | ||
| 035 | _a(NLR Aleph) 005062334 | ||
| 090 |
_a7009266 _c7009266 |
||
| 100 | _a20080623d1914 u y0rusy50 ca | ||
| 101 | 0 | _arus | |
| 102 | _aRU | ||
| 105 | _ay z ||||| | ||
| 200 | 1 | _aО девстве и целомудрии | |
| 210 |
_aШамордино _cВалуйск. Усп.-Николаев. монастырь _d1914 |
||
| 215 |
_a8 с. _d15 |
||
| 300 | _aВ конце текста: Г.Б. | ||
| 309 | _aБез тит. л. и обл. | ||
| 701 | 0 | _aГ. Б. | |
| 801 | 0 |
_aRU _bNLR _gpsbo |
|
| 801 | 0 |
_aRU _bRuMoRGB _2psbo |
|
| 801 | 1 |
_aRU _bProSoft-M _2rusmarc |
|
| 852 |
_aNLR _j40.10.7.386 |
||
| 899 |
_aRuMoRGB _jV 114/1723 |
||
| 899 |
_aRuMoRGB _jФ 1-66/9740 |
||
| 942 | _cBOOK | ||
| 980 | _aNB | ||